| 000 | 01151 a2200325 4500 | ||
|---|---|---|---|
| 999 |
_c200130775 _d30384 |
||
| 001 | 200130775 | ||
| 003 | TR-AnTOB | ||
| 005 | 20190805170152.0 | ||
| 008 | 190514b xxu||||| |||| 00| 0 tur d | ||
| 020 | _a9789750511219 | ||
| 040 |
_aTR-AnTOB _cTR-AnTOB |
||
| 041 | _atur | ||
| 050 |
_aJC491 _bA6819 2012 |
||
| 090 | _aJC491 A6819 2012 | ||
| 100 | 1 |
_aArendt, Hannah, _d1906-1975 _993981 |
|
| 245 | 1 | 0 |
_aDevrim Üzerine / _cçeviren Onur Eylül Kara. |
| 264 | 1 |
_aİstanbul: _bİletişim Yayınları, _c2012. |
|
| 300 |
_a398 s. ; _c24 cm. |
||
| 336 |
_2rdacontent _atext _btxt |
||
| 337 |
_2rdamedia _aunmediated _bn |
||
| 338 |
_2rdacarrier _avolume _bnc |
||
| 490 | 0 |
_aİletişim Yayınları ; _v1825 _aPolitika Dizisi ; _v105 |
|
| 504 | _aKaynakça ve dizin içerir. | ||
| 505 | _aSavaş ve devrim -- Devrimin anlamı -- Toplumsal sorun -- Mutluluk arayışı -- Kurtuluş I: constitutio libertatis -- Kurtuluş II: novus ordo saeclorum -- Devrimci gelenek ve onun kayıp mirası. | ||
| 650 | 0 |
_aRevolutions _961221 |
|
| 650 | 0 |
_aDevrimler _961222 |
|
| 700 | 1 |
_aKara, Onur Eylül _993966 |
|
| 942 |
_cBK _2lcc |
||